Estimación de la producción de sedimentos por erosión hídrica laminar en la cuenca del río Abangares
Guardado en:
| 主要作者: | |
|---|---|
| 其他作者: | |
| 格式: | 圖書 |
| 語言: | Spanish |
| 出版: |
[San José], Costa Rica
2021
|
| 主題: | |
| 標簽: |
添加標簽
沒有標簽, 成為第一個標記此記錄!
|
MARC
| LEADER | 00000nam a2200000Ia 4500 | ||
|---|---|---|---|
| 003 | 013373 | ||
| 005 | 20230328100739.0 | ||
| 008 | 140116s2021 cr a 000 ||spa d | ||
| 040 | |c cru CEDI | ||
| 100 | |a Matarrita Segura, Edwin Alberto, 1991- |9 110 | ||
| 245 | |a Estimación de la producción de sedimentos por erosión hídrica laminar en la cuenca del río Abangares | ||
| 260 | |a [San José], Costa Rica |c 2021 | ||
| 500 | |a Proyecto de graduación (licenciatura en ingeniería civil)--Universidad de Costa Rica. Facultad de Ingeniería. Escuela de Ingeniería Civil, | ||
| 501 | |a Director de Proyecto de Graduación: Ing. Rafael Oreamuno Vega, M.Sc. | ||
| 650 | |x USO DE LA TIERRA |x CUENCA DEL RIO ABANGARES (COSTA RICA) |x EROSION DE SUELOS |x SEDIMENTACION - CUENCA DEL RIO ABANGARES (COSTA RICA) |x CONSERVACION DE SUELOS |x TRANSPORTE DE SEDIMENTOS | ||
| 700 | |9 107 |a Oreamuno Vega, Rafael Alfredo, 1956- |d Director del TFG | ||
| 942 | |c CEDI |h TFG 8524 |6 TFG_8524_000000000000000 | ||
| 999 | |c 21875 |d 21875 | ||
